000 00605nam a2200217Ii 4500
003 JO-AjNU
008 230606s9999||||xx |||||||||||||| ||und||
020 _a978-81-7992-775-5
040 _aJO-AjNU
_beng
_erda
_cJO-AjNU
041 _aeng
050 1 4 _aHC435.3.2008
100 3 _aBAGCHI,S.K,
_eauthor
_91399
245 0 0 _aBank Finance for Small& Medium Enterprises
250 _a1 ed
264 3 1 _aMahatma:JAICO PUBLISHING HOUSE,2008
300 _a104p
336 _atext
_btxt
_2rdacontent
337 _aunmediated
_bn
_2rdamedia
338 _avolume
_bnc
_2rdacarrier
650 4 _aBank Finance
_91400
999 _aE738
_c738
_d738